[Event "d12"]
[Site "?"]
[Date "2020.08.28"]
[Round "4.4"]
[White "Kawa, Anna"]
[Black "Salamon, Julia"]
[Result "1-0"]
[BlackElo "1324"]
[WhiteElo "1207"]
[LiveChessVersion "1.4.8"]

1. e4 {[%clk 0:15:17]} c5 {[%clk 0:15:19]} 2. a3 {[%clk 0:15:20]} e6
{[%clk 0:15:14]} 3. b4 {[%clk 0:15:15]} Qf6 {[%clk 0:14:27]} 4. Nc3
{[%clk 0:14:32]} cxb4 {[%clk 0:14:23]} 5. axb4 {[%clk 0:14:29]} Bxb4
{[%clk 0:14:27]} 6. Bb2 {[%clk 0:14:23]} Qg6 {[%clk 0:13:08]} 7. f3
{[%clk 0:13:09]} Bxc3 {[%clk 0:12:08]} 8. Bxc3 {[%clk 0:13:09]} Nc6
{[%clk 0:12:09]} 9. Ne2 {[%clk 0:12:33]} e5 {[%clk 0:11:37]} 10. Ng3
{[%clk 0:12:03]} Nge7 {[%clk 0:11:28]} 11. Bc4 {[%clk 0:11:09]} h5
{[%clk 0:11:00]} 12. Qe2 {[%clk 0:10:10]} d6 {[%clk 0:10:03]} 13. Nf1
{[%clk 0:09:38]} h4 {[%clk 0:09:03]} 14. Ne3 {[%clk 0:09:33]} Qg5
{[%clk 0:08:51]} 15. Nd5 {[%clk 0:08:43]} Rh6 {[%clk 0:08:02]} 16. Nc7+
{[%clk 0:08:23]} Kf8 {[%clk 0:07:09]} 17. Nxa8 {[%clk 0:08:20]} Rg6
{[%clk 0:07:00]} 18. Rg1 {[%clk 0:07:37]} Qf4 {[%clk 0:05:17]} 19. g3
{[%clk 0:05:12]} hxg3 {[%clk 0:05:15]} 20. hxg3 {[%clk 0:05:17]} Rxg3
{[%clk 0:05:04]} 21. Rxg3 {[%clk 0:05:25]} Qxg3+ {[%clk 0:05:13]} 22. Qf2
{[%clk 0:05:33]} Qh3 {[%clk 0:04:44]} 23. Nc7 {[%clk 0:04:51]} Ng6
{[%clk 0:04:31]} 24. Nd5 {[%clk 0:04:42]} Be6 {[%clk 0:04:14]} 25. Bf1
{[%clk 0:03:26]} Qh6 {[%clk 0:03:48]} 26. Ne3 {[%clk 0:02:23]} Qf4
{[%clk 0:03:27]} 27. Bc4 {[%clk 0:01:46]} Bxc4 {[%clk 0:02:46]} 28. Nxc4
{[%clk 0:01:46]} Ke7 {[%clk 0:02:25]} 29. Na5 {[%clk 0:01:35]} Nxa5
{[%clk 0:01:33]} 30. Rxa5 {[%clk 0:01:32]} a6 {[%clk 0:01:42]} 31. Rd5
{[%clk 0:01:28]} Qh6 {[%clk 0:01:32]} 32. Bb4 {[%clk 0:01:00]} Qh1+
{[%clk 0:01:39]} 33. Qf1 {[%clk 0:00:53]} Qh4+ {[%clk 0:01:21]} 34. Kd1
{[%clk 0:01:02]} f5 {[%clk 0:00:50]} 35. Rxd6 {[%clk 0:01:04]} Kf7
{[%clk 0:00:57]} 36. Rd7+ {[%clk 0:01:09]} Kg8 {[%clk 0:00:56]} 37. Rxb7
{[%clk 0:00:44]} fxe4 {[%clk 0:00:30]} 38. fxe4 {[%clk 0:00:52]} Qg4+
{[%clk 0:00:30]} 39. Kc1 {[%clk 0:00:53]} Qe6 {[%clk 0:00:33]} 40. Rb8+
{[%clk 0:00:55]} Kh7 {[%clk 0:00:33]} 41. Qh1+ 1-0

[Event "d12"]
[Site "?"]
[Date "2020.08.28"]
[Round "4.5"]
[White "Wojs, Alicja"]
[Black "Ziobrowska, Maja"]
[Result "1-0"]
[BlackElo "1248"]
[WhiteElo "1432"]
[LiveChessVersion "1.4.8"]

1. e4 e5 2. Nf3 Nc6 3. d4 exd4 4. Nxd4 Bc5 5. Nxc6 Qf6 6. Qd2 Qxc6 7. Bd3 Nf6 8.
O-O O-O 9. Qe2 d6 10. h3 Be6 11. Nc3 Qd7 12. Bf4 Rfe8 13. Rad1 h6 14. Qf3 Qe7 15.
Rfe1 Nd7 16. Qg3 Qf6 17. a3 Ne5 18. Bxe5 dxe5 19. Bb5 c6 20. Be2 Rad8 21. Bg4
Bxg4 22. hxg4 Rd4 23. Rxd4 Bxd4 24. Rd1 Rd8 25. Rd3 c5 26. Nd5 Qg5 27. c3 c4 28.
Rd1 Bc5 29. Qf3 b5 30. Qf5 Qxf5 31. gxf5 Kf8 32. Kf1 f6 33. Ke2 Kf7 34. f3 a5 35.
Rh1 Rb8 36. Rd1 b4 37. axb4 axb4 38. cxb4 Bxb4 39. Ne3 c3 40. bxc3 Bxc3 41. Rd7+
Kg8 42. Nd1 Bd4 43. f4 Ra8 44. fxe5 Bxe5 45. Ne3 Ra3 46. Nd5 Ra2+ 47. Kf3 Ra3+
48. Kf2 Bd4+ 49. Ke2 Ra2+ 50. Kf3 Rf2+ 51. Kg3 Rd2 52. Ne7+ Kh7 53. Kh3 Rd3+ 54.
Kg4 Re3 55. Rxd4 Re2 56. Kf3 Re1 57. Ng6 h5 58. Rd7 Kh6 59. Nf8 Ra1 60. Ne6 Ra3+
61. Kf4 g6 62. fxg6 Kxg6 63. Rg7+ Kh6 64. Kf5 Ra5+ 65. Kxf6 Ra6 66. Rg8 Kh7 67.
Rg3 Ra5 68. e5 Ra2 69. Nf8+ Kh8 70. Ng6+ Kh7 71. Nf4 Rf2 72. Kf5 Kh6 73. e6 Rf1
74. Re3 Ra1 75. e7 Ra5+ 76. Re5 Ra7 77. e8=Q h4 78. Qg6# 1-0

[Event "d12"]
[Site "?"]
[Date "2020.08.28"]
[Round "4.6"]
[White "Konkol, Sandra"]
[Black "Kulczycka, Zofia"]
[Result "0-1"]
[BlackElo "1149"]
[WhiteElo "1303"]
[LiveChessVersion "1.4.8"]

1. c4 {[%clk 0:15:18]} Nf6 {[%clk 0:15:17]} 2. Nc3 {[%clk 0:15:27]} g6
{[%clk 0:15:24]} 3. e4 {[%clk 0:15:35]} d6 {[%clk 0:15:22]} 4. g3
{[%clk 0:15:39]} Bg7 {[%clk 0:15:28]} 5. Bg2 {[%clk 0:15:47]} Nbd7
{[%clk 0:15:13]} 6. Nge2 {[%clk 0:15:47]} Nc5 {[%clk 0:14:53]} 7. d4
{[%clk 0:15:40]} Ncd7 {[%clk 0:14:53]} 8. O-O {[%clk 0:15:38]} O-O
{[%clk 0:14:55]} 9. f4 {[%clk 0:15:44]} c5 {[%clk 0:14:52]} 10. d5
{[%clk 0:15:06]} a6 {[%clk 0:14:13]} 11. b3 {[%clk 0:14:59]} Rb8 {[%clk 0:13:58]}
12. a4 {[%clk 0:15:05]} Qa5 {[%clk 0:13:12]} 13. Bd2 {[%clk 0:14:48]} Qd8
{[%clk 0:12:49]} 14. h3 {[%clk 0:14:33]} Ne8 {[%clk 0:12:27]} 15. Rc1
{[%clk 0:14:26]} Nc7 {[%clk 0:12:25]} 16. g4 {[%clk 0:13:33]} b5 {[%clk 0:11:57]}
17. axb5 {[%clk 0:12:15]} axb5 {[%clk 0:12:01]} 18. f5 {[%clk 0:11:24]} bxc4
{[%clk 0:11:31]} 19. bxc4 {[%clk 0:11:30]} Ba6 {[%clk 0:11:02]} 20. Na4
{[%clk 0:09:05]} Ne5 {[%clk 0:10:18]} 21. Bc3 {[%clk 0:04:02]} Bxc4
{[%clk 0:08:55]} 22. Bxe5 {[%clk 0:03:26]} Bxe2 {[%clk 0:08:57]} 23. Qxe2
{[%clk 0:03:34]} Bxe5 {[%clk 0:08:54]} 24. Nc3 {[%clk 0:02:47]} Qd7
{[%clk 0:08:22]} 25. h4 {[%clk 0:02:40]} Nb5 {[%clk 0:07:52]} 26. Nxb5
{[%clk 0:02:03]} Qxb5 {[%clk 0:07:34]} 27. Qd2 {[%clk 0:02:03]} Qb2
{[%clk 0:06:39]} 28. Qg5 {[%clk 0:00:48]} Bf6 {[%clk 0:06:07]} 29. Qf4
{[%clk 0:00:56]} Qe5 {[%clk 0:05:19]} 30. h5 {[%clk 0:00:31]} Qxf4
{[%clk 0:05:24]} 31. Rxf4 {[%clk 0:00:39]} Bg5 {[%clk 0:05:28]} 32. Rff1
{[%clk 0:00:43]} Bxc1 {[%clk 0:05:34]} 33. Rxc1 {[%clk 0:00:52]} g5
{[%clk 0:05:22]} 34. e5 {[%clk 0:00:50]} f6 {[%clk 0:04:17]} 35. exf6
{[%clk 0:00:51]} exf6 {[%clk 0:04:11]} 36. Re1 {[%clk 0:00:53]} Rfe8
{[%clk 0:04:16]} 37. Re6 {[%clk 0:00:57]} Rxe6 {[%clk 0:04:13]} 38. dxe6
{[%clk 0:01:06]} Kf8 {[%clk 0:04:16]} 39. Bd5 {[%clk 0:01:03]} Ke7
{[%clk 0:04:19]} 40. Kf2 {[%clk 0:01:12]} Rb4 {[%clk 0:04:09]} 41. Bf3
{[%clk 0:01:04]} Rb2+ {[%clk 0:03:37]} 42. Ke3 {[%clk 0:01:06]} Rb3+
{[%clk 0:03:38]} 43. Ke2 {[%clk 0:01:14]} Rb8 {[%clk 0:03:10]} 44. Bd5
{[%clk 0:01:16]} Rb4 {[%clk 0:03:02]} 45. Bf3 {[%clk 0:01:24]} Rd4
{[%clk 0:03:10]} 46. Ke3 {[%clk 0:01:28]} d5 {[%clk 0:03:06]} 47. Be2
{[%clk 0:01:35]} Re4+ {[%clk 0:03:02]} 48. Kd2 {[%clk 0:01:32]} Ra4
{[%clk 0:02:26]} 49. Bf3 {[%clk 0:01:21]} d4 {[%clk 0:02:24]} 50. Bd1
{[%clk 0:01:18]} Ra3 {[%clk 0:02:23]} 51. Be2 {[%clk 0:01:04]} Ra2+
{[%clk 0:02:22]} 52. Kd1 {[%clk 0:01:04]} Ra4 {[%clk 0:02:09]} 53. Kc2
{[%clk 0:00:41]} c4 {[%clk 0:01:59]} 54. Kb2 {[%clk 0:00:29]} c3+
{[%clk 0:01:47]} 55. Kb1 {[%clk 0:00:18]} Rb4+ {[%clk 0:01:45]} 56. Kc1
{[%clk 0:00:26]} Rb2 {[%clk 0:01:46]} 57. Bd1 {[%clk 0:00:28]} Rd2
{[%clk 0:01:37]} 58. Bb3 {[%clk 0:00:28]} Rg2 {[%clk 0:00:55]} 59. Bd1
{[%clk 0:00:35]} d3 {[%clk 0:01:00]} 60. Bf3 {[%clk 0:00:20]} Rg1+
{[%clk 0:01:08]} 61. Bd1 {[%clk 0:00:28]} c2 {[%clk 0:01:17]} 0-1

[Event "d12"]
[Site "?"]
[Date "2020.08.28"]
[Round "4.7"]
[White "Sliwicka, Weronika"]
[Black "Dzierzgowska, Jagoda"]
[Result "1-0"]
[BlackElo "1151"]
[WhiteElo "1285"]
[LiveChessVersion "1.4.8"]

1. e4 {[%clk 0:15:17]} e6 {[%clk 0:15:18]} 2. d4 {[%clk 0:15:25]} d5
{[%clk 0:15:27]} 3. exd5 {[%clk 0:15:33]} exd5 {[%clk 0:15:36]} 4. Be3
{[%clk 0:15:36]} Nc6 {[%clk 0:15:38]} 5. Nf3 {[%clk 0:15:43]} Bg4
{[%clk 0:15:44]} 6. h3 {[%clk 0:15:36]} Bh5 {[%clk 0:15:52]} 7. Be2
{[%clk 0:15:43]} Nf6 {[%clk 0:15:51]} 8. O-O {[%clk 0:15:50]} Be7
{[%clk 0:15:57]} 9. Nbd2 {[%clk 0:15:40]} O-O {[%clk 0:15:56]} 10. a3
{[%clk 0:14:43]} Re8 {[%clk 0:15:44]} 11. Re1 {[%clk 0:14:46]} Bg6
{[%clk 0:15:44]} 12. Nf1 {[%clk 0:14:13]} Ne4 {[%clk 0:15:47]} 13. Bb5
{[%clk 0:11:35]} a6 {[%clk 0:12:58]} 14. Bxc6 {[%clk 0:10:39]} bxc6
{[%clk 0:13:06]} 15. Ne5 {[%clk 0:10:42]} c5 {[%clk 0:10:45]} 16. f3
{[%clk 0:08:01]} Nf6 {[%clk 0:09:52]} 17. dxc5 {[%clk 0:06:42]} Qb8
{[%clk 0:07:28]} 18. b3 {[%clk 0:06:06]} Qb5 {[%clk 0:06:24]} 19. b4
{[%clk 0:03:18]} c6 {[%clk 0:04:20]} 20. c3 {[%clk 0:02:49]} Qb7 {[%clk 0:03:35]}
21. Bd4 {[%clk 0:02:48]} Nd7 {[%clk 0:02:38]} 22. Qd2 {[%clk 0:02:49]} Nxe5
{[%clk 0:02:32]} 23. Rxe5 {[%clk 0:02:54]} h6 {[%clk 0:01:57]} 24. Rae1
{[%clk 0:02:59]} Rad8 {[%clk 0:01:56]} 25. R1e3 {[%clk 0:02:43]} Qd7
{[%clk 0:01:30]} 26. Qe2 {[%clk 0:02:48]} Kf8 {[%clk 0:01:25]} 27. Qxa6
{[%clk 0:01:30]} f6 {[%clk 0:00:58]} 28. Re6 {[%clk 0:01:33]} Rc8
{[%clk 0:00:00]} 1-0

[Event "d12"]
[Site "?"]
[Date "2020.08.28"]
[Round "5.1"]
[White "Szczotka, Klara"]
[Black "Natoli, Alessia"]
[Result "1-0"]
[BlackElo "1399"]
[WhiteElo "1553"]
[LiveChessVersion "1.4.8"]

1. e4 {[%clk 0:15:19]} c5 {[%clk 0:15:18]} 2. Nf3 {[%clk 0:15:29]} e6
{[%clk 0:15:20]} 3. d4 {[%clk 0:15:38]} cxd4 {[%clk 0:15:26]} 4. Nxd4
{[%clk 0:15:46]} Nf6 {[%clk 0:15:31]} 5. Nc3 {[%clk 0:15:55]} Nc6
{[%clk 0:15:08]} 6. Be3 {[%clk 0:16:03]} Bb4 {[%clk 0:15:00]} 7. Bd3
{[%clk 0:14:02]} d5 {[%clk 0:14:31]} 8. exd5 {[%clk 0:12:50]} Nxd5
{[%clk 0:14:37]} 9. Nxc6 {[%clk 0:12:26]} bxc6 {[%clk 0:13:40]} 10. Bd2
{[%clk 0:12:28]} Bxc3 {[%clk 0:12:32]} 11. bxc3 O-O {[%clk 0:12:31]} 12. c4
{[%clk 0:12:37]} Nb6 {[%clk 0:12:21]} 13. Bc3 {[%clk 0:12:22]} f6
{[%clk 0:11:29]} 14. Qh5 {[%clk 0:12:08]} f5 {[%clk 0:11:07]} 15. Rd1 Qe7
{[%clk 0:11:00]} 16. O-O {[%clk 0:11:57]} Ba6 {[%clk 0:10:28]} 17. Rfe1
{[%clk 0:10:56]} Rae8 {[%clk 0:10:07]} 18. Qf3 {[%clk 0:10:45]} Qa3
{[%clk 0:08:56]} 19. Ba1 {[%clk 0:09:34]} Bxc4 {[%clk 0:08:51]} 20. Qxc6
{[%clk 0:09:22]} Bd5 {[%clk 0:08:35]} 21. Qc7 {[%clk 0:09:26]} Re7
{[%clk 0:08:39]} 22. Qe5 {[%clk 0:09:26]} Bxa2 {[%clk 0:08:12]} 23. Re3
{[%clk 0:08:49]} Qa4 {[%clk 0:07:23]} 24. Rg3 {[%clk 0:08:46]} Rff7
{[%clk 0:07:22]} 25. Bb5 {[%clk 0:08:48]} Qe4 {[%clk 0:07:04]} 26. Rd8+
{[%clk 0:08:56]} Rf8 {[%clk 0:07:11]} 27. Rxg7+ {[%clk 0:09:05]} 1-0

[Event "d12"]
[Site "?"]
[Date "2020.08.28"]
[Round "5.2"]
[White "Kawa, Anna"]
[Black "Pniewska, Beata"]
[Result "0-1"]
[BlackElo "1354"]
[WhiteElo "1207"]
[LiveChessVersion "1.4.8"]

1. e4 {[%clk 0:15:18]} e6 {[%clk 0:15:17]} 2. d4 {[%clk 0:15:22]} d5
{[%clk 0:15:23]} 3. e5 {[%clk 0:15:23]} c5 {[%clk 0:15:28]} 4. Nf3
{[%clk 0:15:25]} Nc6 {[%clk 0:15:26]} 5. c3 {[%clk 0:15:18]} Qb6 {[%clk 0:15:27]}
6. a3 {[%clk 0:15:14]} a5 {[%clk 0:15:24]} 7. Be2 {[%clk 0:14:32]} Nge7
{[%clk 0:15:14]} 8. O-O {[%clk 0:13:51]} Nf5 {[%clk 0:15:12]} 9. a4
{[%clk 0:12:31]} cxd4 {[%clk 0:15:03]} 10. cxd4 {[%clk 0:12:22]} Nfxd4
{[%clk 0:14:51]} 11. Nxd4 {[%clk 0:12:21]} Qxd4 {[%clk 0:14:37]} 12. Qxd4
{[%clk 0:11:51]} Nxd4 {[%clk 0:14:41]} 13. Bd3 {[%clk 0:11:20]} Be7
{[%clk 0:14:34]} 14. Be3 {[%clk 0:11:26]} Nc6 {[%clk 0:14:35]} 15. Nc3
{[%clk 0:10:59]} Nxe5 {[%clk 0:14:30]} 16. Bb5+ {[%clk 0:10:57]} Bd7
{[%clk 0:14:25]} 17. Bd4 {[%clk 0:10:37]} Bf6 {[%clk 0:12:56]} 18. f4
{[%clk 0:09:52]} Nf3+ {[%clk 0:12:16]} 19. Rxf3 {[%clk 0:09:41]} Bxd4+
{[%clk 0:12:23]} 20. Kf1 {[%clk 0:09:36]} Bxc3 {[%clk 0:12:18]} 21. bxc3
{[%clk 0:09:28]} Bxb5+ {[%clk 0:12:16]} 22. axb5 {[%clk 0:09:37]} O-O
{[%clk 0:12:20]} 23. f5 {[%clk 0:09:40]} b6 {[%clk 0:12:21]} 24. Re1
{[%clk 0:09:39]} Rfe8 {[%clk 0:11:25]} 25. fxe6 {[%clk 0:09:30]} fxe6
{[%clk 0:11:24]} 26. Rfe3 {[%clk 0:09:34]} Kf7 {[%clk 0:11:15]} 27. Rf3+
{[%clk 0:09:42]} Ke7 {[%clk 0:11:16]} 28. Rfe3 {[%clk 0:09:51]} Kd6
{[%clk 0:11:21]} 29. Rg3 {[%clk 0:09:56]} Re7 {[%clk 0:11:21]} 30. Rh3
{[%clk 0:09:56]} h6 {[%clk 0:11:25]} 31. Rg3 {[%clk 0:10:01]} Rc8
{[%clk 0:11:26]} 32. Kf2 {[%clk 0:09:53]} Rc4 {[%clk 0:11:15]} 33. Rb1
{[%clk 0:09:45]} Kc5 {[%clk 0:10:58]} 34. Ke2 {[%clk 0:09:41]} a4
{[%clk 0:10:56]} 35. h3 {[%clk 0:09:30]} a3 {[%clk 0:10:50]} 36. Rb3
{[%clk 0:09:19]} Ra4 {[%clk 0:10:48]} 37. c4 {[%clk 0:08:41]} a2 {[%clk 0:10:31]}
38. Ra3 {[%clk 0:08:15]} a1=Q {[%clk 0:10:27]} 39. Rxa1 {[%clk 0:08:22]} Rxa1
{[%clk 0:10:35]} 40. cxd5 {[%clk 0:08:30]} exd5+ {[%clk 0:10:42]} 41. Kf2
{[%clk 0:08:31]} Kxb5 {[%clk 0:10:39]} 42. Rb3+ {[%clk 0:08:39]} Ka6
{[%clk 0:10:37]} 43. g4 {[%clk 0:08:47]} d4 {[%clk 0:10:30]} 44. Rd3
{[%clk 0:08:56]} Ra2+ {[%clk 0:10:28]} 45. Kf3 {[%clk 0:09:04]} Re3+
{[%clk 0:10:32]} 46. Rxe3 {[%clk 0:09:12]} dxe3 {[%clk 0:10:40]} 47. Kxe3
{[%clk 0:09:21]} Ra3+ {[%clk 0:10:48]} 48. Kf4 {[%clk 0:09:30]} Rxh3
{[%clk 0:10:56]} 49. g5 {[%clk 0:09:39]} b5 {[%clk 0:10:59]} 50. gxh6
{[%clk 0:09:48]} gxh6 {[%clk 0:11:04]} 51. Kg4 {[%clk 0:09:57]} Rc3
{[%clk 0:11:08]} 52. Kh5 {[%clk 0:10:06]} b4 {[%clk 0:11:17]} 53. Kxh6
{[%clk 0:10:14]} b3 {[%clk 0:11:25]} 54. Kg5 {[%clk 0:10:23]} b2 {[%clk 0:11:33]}
55. Kf4 {[%clk 0:10:32]} b1=Q {[%clk 0:11:40]} 56. Ke5 {[%clk 0:10:41]} Rd3
{[%clk 0:11:44]} 57. Ke4 {[%clk 0:10:48]} Rh3+ {[%clk 0:11:43]} 58. Kf4
{[%clk 0:10:56]} Qb5 {[%clk 0:11:49]} 59. Kg4 {[%clk 0:11:04]} Ra3
{[%clk 0:11:56]} 60. Kf4 {[%clk 0:11:12]} Ra4+ {[%clk 0:12:04]} 61. Ke3
{[%clk 0:11:20]} Qb3+ {[%clk 0:12:12]} 62. Kd2 {[%clk 0:11:28]} Ra2+
{[%clk 0:12:20]} 63. Kc1 {[%clk 0:11:36]} Qc2# {[%clk 0:12:29]} 0-1

[Event "d12"]
[Site "?"]
[Date "2020.08.28"]
[Round "5.3"]
[White "Palejko, Gabriela"]
[Black "Wojs, Alicja"]
[Result "0-1"]
[BlackElo "1432"]
[WhiteElo "1263"]
[LiveChessVersion "1.4.8"]

1. e4 {[%clk 0:15:18]} e6 {[%clk 0:15:19]} 2. d4 {[%clk 0:15:27]} d5
{[%clk 0:15:28]} 3. Nc3 {[%clk 0:15:36]} Bb4 {[%clk 0:15:37]} 4. exd5
{[%clk 0:15:44]} exd5 {[%clk 0:15:46]} 5. Bd3 {[%clk 0:15:53]} Ne7
{[%clk 0:15:52]} 6. Nge2 {[%clk 0:16:01]} Nbc6 {[%clk 0:16:00]} 7. O-O
{[%clk 0:16:07]} Bg4 {[%clk 0:16:09]} 8. f3 {[%clk 0:16:14]} Bh5 {[%clk 0:16:17]}
9. Be3 {[%clk 0:16:17]} Qd7 {[%clk 0:16:21]} 10. a3 {[%clk 0:15:57]} Bd6
{[%clk 0:16:17]} 11. Nb5 {[%clk 0:14:34]} Bg6 {[%clk 0:15:33]} 12. Nxd6+
{[%clk 0:12:52]} Qxd6 {[%clk 0:15:39]} 13. Bf4 {[%clk 0:12:28]} Qd7
{[%clk 0:15:47]} 14. Nc3 {[%clk 0:10:59]} a6 {[%clk 0:14:07]} 15. Bxg6
{[%clk 0:10:00]} Nxg6 {[%clk 0:14:04]} 16. Re1+ {[%clk 0:10:08]} Nge7
{[%clk 0:14:09]} 17. Bg5 {[%clk 0:07:51]} f6 {[%clk 0:13:42]} 18. Bf4
{[%clk 0:07:56]} O-O {[%clk 0:12:50]} 19. Qd3 {[%clk 0:06:29]} Rfe8
{[%clk 0:12:04]} 20. Ne2 {[%clk 0:05:58]} Ng6 {[%clk 0:11:27]} 21. Bd2
{[%clk 0:05:52]} Re7 {[%clk 0:11:13]} 22. Ng3 {[%clk 0:05:46]} Rae8
{[%clk 0:11:15]} 23. Rxe7 {[%clk 0:05:53]} Rxe7 {[%clk 0:11:23]} 24. Re1
{[%clk 0:06:01]} Rxe1+ {[%clk 0:11:29]} 25. Bxe1 {[%clk 0:06:10]} Qe6
{[%clk 0:11:33]} 26. Kf2 {[%clk 0:05:52]} Nge7 {[%clk 0:11:10]} 27. Bd2
{[%clk 0:05:08]} Kf7 {[%clk 0:09:21]} 28. Qe3 {[%clk 0:04:48]} Nf5
{[%clk 0:08:56]} 29. Qxe6+ {[%clk 0:04:42]} Kxe6 {[%clk 0:09:02]} 30. Nxf5
{[%clk 0:04:51]} Kxf5 {[%clk 0:09:09]} 31. g4+ {[%clk 0:04:55]} Ke6
{[%clk 0:09:17]} 32. Be3 {[%clk 0:04:55]} f5 {[%clk 0:08:46]} 33. g5
{[%clk 0:05:00]} Ne7 {[%clk 0:08:51]} 34. f4 {[%clk 0:05:08]} Nc8
{[%clk 0:08:55]} 35. h4 {[%clk 0:04:50]} Nd6 {[%clk 0:09:01]} 36. b3
{[%clk 0:04:52]} Ne4+ {[%clk 0:09:07]} 37. Ke2 {[%clk 0:04:49]} c6
{[%clk 0:08:54]} 38. Kd3 {[%clk 0:04:36]} Nd6 {[%clk 0:08:43]} 39. c4
{[%clk 0:04:02]} Ne4 {[%clk 0:08:11]} 40. c5 {[%clk 0:03:49]} Kf7
{[%clk 0:07:59]} 41. Ke2 {[%clk 0:03:28]} Kg6 {[%clk 0:08:04]} 42. Bf2
{[%clk 0:03:23]} Kh5 {[%clk 0:08:10]} 43. Kf3 {[%clk 0:03:22]} Nd2+
{[%clk 0:08:17]} 44. Kg3 {[%clk 0:03:24]} Nxb3 {[%clk 0:08:23]} 45. Be3
{[%clk 0:03:32]} Na5 {[%clk 0:08:29]} 46. Bc1 {[%clk 0:03:36]} Nc4
{[%clk 0:08:36]} 47. Kh3 {[%clk 0:03:40]} Kg6 {[%clk 0:07:44]} 48. Kg3
{[%clk 0:03:43]} Kf7 {[%clk 0:07:51]} 49. Kf3 {[%clk 0:03:50]} Ke6
{[%clk 0:07:59]} 50. Ke2 {[%clk 0:03:58]} b6 {[%clk 0:08:02]} 51. cxb6
{[%clk 0:03:59]} Nxb6 {[%clk 0:08:11]} 52. Kd3 {[%clk 0:04:04]} Kd6
{[%clk 0:08:02]} 53. Bd2 {[%clk 0:04:08]} Nc4 {[%clk 0:07:53]} 54. Bb4+
{[%clk 0:04:12]} Kc7 {[%clk 0:07:59]} 55. Bf8 {[%clk 0:04:19]} g6
{[%clk 0:08:08]} 56. Bc5 {[%clk 0:04:26]} Nd6 {[%clk 0:08:11]} 57. Kc3
{[%clk 0:04:08]} Ne4+ {[%clk 0:08:14]} 58. Kb4 {[%clk 0:04:14]} Kb7
{[%clk 0:08:03]} 59. Ka5 {[%clk 0:04:19]} Nc3 {[%clk 0:08:05]} 60. Bd6
{[%clk 0:04:04]} Ne2 {[%clk 0:07:59]} 61. Be5 {[%clk 0:04:12]} Nc1
{[%clk 0:07:49]} 62. a4 {[%clk 0:04:11]} Nd3 {[%clk 0:07:44]} 63. Bd6
{[%clk 0:04:11]} Nb2 {[%clk 0:07:40]} 64. Kb4 {[%clk 0:04:08]} Nc4
{[%clk 0:07:46]} 65. Bc5 {[%clk 0:04:02]} Ne3 {[%clk 0:07:37]} 66. a5
{[%clk 0:03:58]} Ng2 {[%clk 0:07:44]} 67. Bd6 {[%clk 0:04:06]} Nxh4
{[%clk 0:07:51]} 68. Kc5 {[%clk 0:04:15]} Nf3 {[%clk 0:07:55]} 69. Be5
{[%clk 0:04:19]} Nd2 {[%clk 0:07:45]} 70. Kb4 {[%clk 0:04:12]} Nc4
{[%clk 0:07:25]} 71. Bf6 {[%clk 0:04:12]} Nd6 {[%clk 0:06:43]} 72. Kc5
{[%clk 0:04:14]} Ne4+ {[%clk 0:06:38]} 73. Kb4 {[%clk 0:04:18]} Kc7
{[%clk 0:06:14]} 74. Be5+ {[%clk 0:04:26]} Kb7 {[%clk 0:06:20]} 75. Ka4
{[%clk 0:04:30]} c5 {[%clk 0:06:17]} 76. dxc5 {[%clk 0:04:36]} Nxc5+
{[%clk 0:06:25]} 77. Kb4 {[%clk 0:04:45]} Kc6 {[%clk 0:06:34]} 78. Bd4
{[%clk 0:04:51]} Nd3+ {[%clk 0:06:42]} 79. Kc3 {[%clk 0:04:59]} Nxf4
{[%clk 0:06:51]} 80. Be3 {[%clk 0:05:03]} Ne6 {[%clk 0:06:59]} 81. Bb6
{[%clk 0:05:09]} Nxg5 {[%clk 0:07:04]} 82. Be3 {[%clk 0:05:15]} Ne4+
{[%clk 0:07:13]} 83. Kd4 {[%clk 0:05:23]} h5 {[%clk 0:07:11]} 84. Ke5
{[%clk 0:05:29]} h4 {[%clk 0:07:13]} 85. Ke6 {[%clk 0:05:31]} h3 {[%clk 0:07:10]}
86. Bf4 {[%clk 0:05:41]} g5 {[%clk 0:07:19]} 87. Bh2 f4 {[%clk 0:07:24]} 88. Kf7
{[%clk 0:05:51]} g4 {[%clk 0:07:32]} 89. Kg6 {[%clk 0:05:58]} g3 {[%clk 0:07:40]}
90. Bg1 {[%clk 0:06:06]} h2 {[%clk 0:07:49]} 91. Bxh2 {[%clk 0:06:15]} gxh2
{[%clk 0:07:58]} 92. Kf5 {[%clk 0:06:23]} h1=Q {[%clk 0:08:04]} 93. Ke5
{[%clk 0:06:29]} f3 {[%clk 0:08:00]} 94. Ke6 {[%clk 0:06:36]} f2 {[%clk 0:08:08]}
95. Ke7 {[%clk 0:06:43]} f1=Q {[%clk 0:08:13]} 96. Ke6 {[%clk 0:06:48]} Qf6#
{[%clk 0:08:21]} 0-1

[Event "d12"]
[Site "?"]
[Date "2020.08.28"]
[Round "5.4"]
[White "Pietryk, Joanna"]
[Black "Sprzeczka, Emilia"]
[Result "0-1"]
[BlackElo "1381"]
[WhiteElo "1234"]
[LiveChessVersion "1.4.8"]

1. e4 {[%clk 0:15:19]} e5 {[%clk 0:15:16]} 2. Nf3 {[%clk 0:15:27]} Nc6
{[%clk 0:15:22]} 3. Bb5 {[%clk 0:15:36]} a6 {[%clk 0:15:30]} 4. Ba4
{[%clk 0:15:44]} Nf6 {[%clk 0:15:35]} 5. O-O {[%clk 0:15:51]} Bc5
{[%clk 0:15:29]} 6. c3 {[%clk 0:15:52]} O-O {[%clk 0:15:25]} 7. Re1
{[%clk 0:15:28]} d6 {[%clk 0:15:16]} 8. d4 {[%clk 0:15:26]} exd4 {[%clk 0:14:33]}
9. cxd4 {[%clk 0:15:34]} Bb6 {[%clk 0:14:23]} 10. Nc3 {[%clk 0:15:27]} Bg4
{[%clk 0:14:20]} 11. Bxc6 {[%clk 0:13:34]} bxc6 {[%clk 0:14:25]} 12. Be3
{[%clk 0:12:04]} Re8 {[%clk 0:13:01]} 13. d5 {[%clk 0:10:35]} cxd5
{[%clk 0:09:52]} 14. exd5 {[%clk 0:09:24]} Bxe3 {[%clk 0:08:48]} 15. fxe3
{[%clk 0:08:34]} Rb8 {[%clk 0:08:24]} 16. Qe2 {[%clk 0:08:05]} Ne4
{[%clk 0:07:34]} 17. Nxe4 {[%clk 0:07:17]} Rxe4 {[%clk 0:07:35]} 18. Rf1
{[%clk 0:06:37]} Qe7 {[%clk 0:06:31]} 19. Rae1 {[%clk 0:05:59]} Bxf3
{[%clk 0:06:20]} 20. Rxf3 {[%clk 0:05:41]} Qe5 {[%clk 0:04:39]} 21. Qxa6
{[%clk 0:03:47]} Qxd5 {[%clk 0:04:00]} 22. Qa7 {[%clk 0:02:39]} Rc8
{[%clk 0:03:32]} 23. Rc1 {[%clk 0:01:41]} Rc4 {[%clk 0:02:53]} 24. Rxc4
{[%clk 0:00:37]} Qxc4 {[%clk 0:03:01]} 25. Qa3 {[%clk 0:00:44]} h6
{[%clk 0:02:47]} 26. Qb3 {[%clk 0:00:25]} Qxb3 {[%clk 0:02:23]} 27. axb3
{[%clk 0:00:34]} Rb8 {[%clk 0:02:32]} 28. e4 {[%clk 0:00:43]} Rb4
{[%clk 0:02:36]} 29. Re3 {[%clk 0:00:47]} Kf8 {[%clk 0:02:39]} 30. Kf2
{[%clk 0:00:54]} Ke7 {[%clk 0:02:24]} 31. Ke2 {[%clk 0:00:57]} Ke6
{[%clk 0:02:22]} 32. Kd2 {[%clk 0:01:02]} Ke5 {[%clk 0:02:17]} 33. Rg3
{[%clk 0:00:19]} g6 {[%clk 0:02:16]} 34. Rc3 {[%clk 0:00:13]} c5 {[%clk 0:02:22]}
35. Kd3 {[%clk 0:00:11]} Rxe4 {[%clk 0:02:16]} 36. Rc4 {[%clk 0:00:14]} Re1
{[%clk 0:02:00]} 37. Rc2 {[%clk 0:00:21]} f5 {[%clk 0:01:41]} 38. Kc4
{[%clk 0:00:25]} Re4+ {[%clk 0:01:44]} 39. Kd3 {[%clk 0:00:29]} g5
{[%clk 0:01:31]} 40. Rf2 {[%clk 0:00:24]} Rd4+ {[%clk 0:01:22]} 41. Kc3
{[%clk 0:00:21]} d5 {[%clk 0:01:10]} 42. g3 h5 {[%clk 0:00:58]} 43. Re2+
{[%clk 0:00:18]} Re4 {[%clk 0:01:04]} 44. Rf2 {[%clk 0:00:25]} Re3+
{[%clk 0:01:00]} 45. Kc2 {[%clk 0:00:31]} d4 {[%clk 0:00:52]} 46. Rd2
{[%clk 0:00:33]} Ke4 {[%clk 0:00:54]} 47. Rf2 {[%clk 0:00:34]} f4
{[%clk 0:00:39]} 48. gxf4 {[%clk 0:00:39]} gxf4 {[%clk 0:00:48]} 49. Rg2
{[%clk 0:00:25]} f3 {[%clk 0:00:50]} 50. Rf2 {[%clk 0:00:12]} Re2+
{[%clk 0:00:51]} 51. Rxe2+ {[%clk 0:00:20]} fxe2 {[%clk 0:00:59]} 52. Kd2
{[%clk 0:00:29]} Kf3 {[%clk 0:01:02]} 53. Ke1 {[%clk 0:00:37]} Ke3
{[%clk 0:01:05]} 54. h4 {[%clk 0:00:30]} d3 {[%clk 0:01:12]} 55. b4
{[%clk 0:00:37]} d2# {[%clk 0:01:20]} 0-1